| 000 | 00469nam a22001457a 4500 | ||
|---|---|---|---|
| 008 | 230503b |||||||| |||| 00| 0 eng d | ||
| 040 |
_aNational Science Library _cNational Science Library |
||
| 080 |
_a541.1(089) _bL0.1- |
||
| 245 |
_aPhysical chemistry: _bAn advanced treatise |
||
| 260 |
_aNew York: _bAcademic Press, _c1970 |
||
| 500 | _aVol. ix B (Electrochemistry); xix, 542-1086p. | ||
| 650 | _aChemistry | ||
| 700 | _aEyring, Henry (Ed.) | ||
| 942 |
_2udc _cBK |
||
| 999 |
_c26735 _d26735 |
||